Physics / (Record no. 8334)
[ view plain ]
| 000 -LEADER | |
|---|---|
| fixed length control field | 00769nam a2200289 a 4500 |
| 001 - CONTROL NUMBER | |
| JCCL Control Number | 8334 |
| 003 - CONTROL NUMBER IDENTIFIER | |
| JCCL marc code | BD - JhCC |
| 005 - DATE AND TIME OF LATEST TRANSACTION | |
| control field | 20180717094005.0 |
| 008 - FIXED-LENGTH DATA ELEMENTS--GENERAL INFORMATION | |
| fixed length control field | 500101s1988 nyu 001 0 eng d |
| 020 ## - INTERNATIONAL STANDARD BOOK NUMBER | |
| International Standard Book Number | 047185221X |
| 035 ## - SYSTEM CONTROL NUMBER | |
| system control number | (BD-JhCC)8334 |
| 040 ## - CATALOGING SOURCE | |
| Original cataloging agency | BD-JhCC |
| Modifying agency | BD-JhCC |
| 041 ## - LANGUAGE CODE | |
| Language code of Book | eng |
| 082 ## - DEWEY DECIMAL CLASSIFICATION NUMBER | |
| Author mark and Year | KAN 1988 |
| Classification number | 530 |
| 100 1# - MAIN ENTRY--PERSONAL NAME | |
| Personal name | Kane, Joseph W., |
| Dates associated with a name | 1938- |
| 100 1# - MAIN ENTRY--PERSONAL NAME | |
| Personal name | Sternheim, Morton M., |
| Dates associated with a name | 1933- |
| 245 10 - TITLE STATEMENT | |
| Title | Physics / |
| Statement of responsibility, etc | Joseph W. Kane, Morton M. Sternheim |
| 250 ## - EDITION STATEMENT | |
| Edition statement | 3rd ed. |
| 260 ## - PUBLICATION, DISTRIBUTION, ETC. (IMPRINT) | |
| Place of publication, distribution, etc | New York ; |
| -- | Chichester : |
| Name of publisher, distributor, etc | Wiley, |
| Date of publication, distribution, etc | 1988 |
| 300 ## - PHYSICAL DESCRIPTION | |
| Pagination | xix,843 p. ; |
| Dimensions | 27 cm |
| 500 ## - GENERAL NOTE | |
| General note | Includes answers and index |
| 500 ## - GENERAL NOTE | |
| General note | Previous ed.: 1978, 1984 |
| 500 ## - GENERAL NOTE | |
| General note | Text on lining papers |
| 650 #0 - SUBJECT ADDED ENTRY--TOPICAL TERM | |
| Topical term or geographic name as entry element | Physics |
| 942 ## - ADDED ENTRY ELEMENTS (KOHA) | |
| Source of classification or shelving scheme | Dewey Decimal Classification |
| Koha item type | Books |
| Source of classification or shelving scheme | Damaged status | Not for loan | Home library | Current library | Shelving location | Total Checkouts | Full call number | Barcode | Date last seen | Copy number | Koha item type |
|---|---|---|---|---|---|---|---|---|---|---|---|
| Dewey Decimal Classification | JCC Rouf Library | JCC Rouf Library | General Stacks | 530 KAN 1988 | 10797 | 02/22/2018 | C - 1 | Books |